000 00780nam a22002537a 4500
001 84936
003 UA-OsUOA
005 20210721211725.0
007 ta
008 20120612b un ||||| |||| 00| 0 ukr d
040 _aUA-OsUOA
_bukr
_cUA-OsUOA
_dUA-OsUOA
041 _aukr
080 _a821.161.2:09
090 _a821.161.2:09
_bЛ37
100 _aЛевіцький І.
245 _aПоміж ворогами
_bповість
260 _aВінніпег
_c1922
300 _a171 с.
650 7 _a09 Рукописи. Раритети і рідкісні видання
_2UDC
650 7 _a82 Література. Літературознавство
_2UDC
942 _cRB
_2udc
955 _a3
999 _c371251
_d371251